000 00695nam a2200205Ii 4500
003 JO-AjNU
008 230605s9999||||xx |||||||||||||| ||und||
017 _a2004/8/1889
040 _aJO-AjNU
_bara
_erda
_cJO-AjNU
041 _aara
050 1 4 _aPJ7862.I514.D58 2004
100 3 _aتعريب السلوادي،حسن إسماعيل سلمان,
_eauthor
_919043
245 0 0 _aالديوان الثالث أو شكسبير معربا
264 3 1 _aإربد: المؤلف، 2004
300 _a105ص
336 _atext
_btxt
_2rdacontent
337 _aunmediated
_bn
_2rdamedia
338 _avolume
_bnc
_2rdacarrier
650 4 _aالأدب الإنجليزي - الأدب المترجم
_919044
999 _aA6203
_c9771
_d9771